| 000 -LEADER |
| fixed length control field |
02046cam a22004697a 4500 |
| 001 - CONTROL NUMBER |
| control field |
13946426 |
| 003 - CONTROL NUMBER IDENTIFIER |
| control field |
NUST |
| 005 - DATE AND TIME OF LATEST TRANSACTION |
| control field |
20191004102851.0 |
| 008 - FIXED-LENGTH DATA ELEMENTS--GENERAL INFORMATION |
| fixed length control field |
050429s2005 dcu b 000 0 eng d |
| 010 ## - LIBRARY OF CONGRESS CONTROL NUMBER |
| LC control number |
2005926685 |
| 020 ## - INTERNATIONAL STANDARD BOOK NUMBER |
| International Standard Book Number |
0309097509 |
| 035 ## - SYSTEM CONTROL NUMBER |
| System control number |
(OCoLC)ocm61233572 |
| 038 ## - RECORD CONTENT LICENSOR |
| Staff Name |
MSOHAIL |
| 040 ## - CATALOGING SOURCE |
| Original cataloging agency |
TRL |
| Transcribing agency |
TRL |
| Modifying agency |
TDG |
| -- |
OHI |
| -- |
DLC |
| 042 ## - AUTHENTICATION CODE |
| Authentication code |
lccopycat |
| 043 ## - GEOGRAPHIC AREA CODE |
| Geographic area code |
n-us--- |
| 050 00 - LIBRARY OF CONGRESS CALL NUMBER |
| Classification number |
CC136 |
| Item number |
.M33 2005 |
| 082 00 - DEWEY DECIMAL CLASSIFICATION NUMBER |
| Classification number |
973.01 |
| Edition number |
22 |
| 245 00 - TITLE STATEMENT |
| Title |
Managing archaeological investigations : |
| Remainder of title |
a synthesis of highway practice / |
| Statement of responsibility, etc. |
Terry H. Klein ... [et al.]. |
| 246 1# - VARYING FORM OF TITLE |
| Display text |
At head of title: |
| Title proper/short title |
National Cooperative Highway Research Program. |
| 260 ## - PUBLICATION, DISTRIBUTION, ETC. |
| Place of publication, distribution, etc. |
Washington, D.C. : |
| Name of publisher, distributor, etc. |
Transportation Research Board, |
| Date of publication, distribution, etc. |
2005. |
| 300 ## - PHYSICAL DESCRIPTION |
| Extent |
56 p. ; |
| Dimensions |
28 cm. |
| 490 1# - SERIES STATEMENT |
| Series statement |
NCHRP synthesis, |
| International Standard Serial Number |
0547-5570 ; |
| Volume/sequential designation |
347 |
| 500 ## - GENERAL NOTE |
| General note |
"Research sponsored by the American Association of State Highway and Transportation Officials in cooperation with the Federal Highway Administration." |
| 504 ## - BIBLIOGRAPHY, ETC. NOTE |
| Bibliography, etc. note |
Includes bibliographical references (p. 37-38). |
| 530 ## - ADDITIONAL PHYSICAL FORM AVAILABLE NOTE |
| Additional physical form available note |
Also available online. |
| 650 #0 - SUBJECT ADDED ENTRY--TOPICAL TERM |
| Topical term or geographic name entry element |
Archaeology and state |
| Geographic subdivision |
United States. |
| 9 (RLIN) |
22839 |
| 650 #0 - SUBJECT ADDED ENTRY--TOPICAL TERM |
| Topical term or geographic name entry element |
Archaeology |
| Geographic subdivision |
United States |
| General subdivision |
Management. |
| 9 (RLIN) |
22840 |
| 650 #0 - SUBJECT ADDED ENTRY--TOPICAL TERM |
| Topical term or geographic name entry element |
Highway departments |
| Geographic subdivision |
United States |
| General subdivision |
Management. |
| 9 (RLIN) |
21609 |
| 650 #0 - SUBJECT ADDED ENTRY--TOPICAL TERM |
| Topical term or geographic name entry element |
Transportation agencies |
| Geographic subdivision |
United States |
| General subdivision |
Management. |
| 9 (RLIN) |
22841 |
| 700 1# - ADDED ENTRY--PERSONAL NAME |
| Personal name |
Klein, Terry H. |
| 9 (RLIN) |
22842 |
| 710 2# - ADDED ENTRY--CORPORATE NAME |
| Corporate name or jurisdiction name as entry element |
National Cooperative Highway Research Program. |
| 9 (RLIN) |
20864 |
| 710 2# - ADDED ENTRY--CORPORATE NAME |
| Corporate name or jurisdiction name as entry element |
American Association of State Highway and Transportation Officials. |
| 9 (RLIN) |
19553 |
| 710 2# - ADDED ENTRY--CORPORATE NAME |
| Corporate name or jurisdiction name as entry element |
National Research Council (U.S.). |
| Subordinate unit |
Transportation Research Board. |
| 9 (RLIN) |
22843 |
| 830 #0 - SERIES ADDED ENTRY--UNIFORM TITLE |
| Uniform title |
Synthesis of highway practice ; |
| Volume/sequential designation |
347. |
| 9 (RLIN) |
22844 |
| 856 41 - ELECTRONIC LOCATION AND ACCESS |
| Materials specified |
Table of contents |
| Uniform Resource Identifier |
<a href="http://www.loc.gov/catdir/toc/fy0607/2005926685.html">http://www.loc.gov/catdir/toc/fy0607/2005926685.html</a> |
| 856 41 - ELECTRONIC LOCATION AND ACCESS |
| Uniform Resource Identifier |
<a href="http://trb.org/publications/nchrp/nchrp%5fsyn%5f347.pdf">http://trb.org/publications/nchrp/nchrp%5fsyn%5f347.pdf</a> |
| 906 ## - LOCAL DATA ELEMENT F, LDF (RLIN) |
| a |
7 |
| b |
cbc |
| c |
copycat |
| d |
2 |
| e |
ncip |
| f |
20 |
| g |
y-gencatlg |
| 942 ## - ADDED ENTRY ELEMENTS (KOHA) |
| Source of classification or shelving scheme |
|
| Koha item type |
Book |